Rozhoduje detský spotrebiteľ
Sladký trh má sezónne výkyvy. Spotreba čokoládových výrobkov na Slovensku. Častým iniciátorom nákupu tohto sortimentu je detský spotrebiteľ. Význam inovácií. Trend výrobkov "light". Predáva aj obal.
Saved in:
| Main Author: | |
|---|---|
| Format: | Book Chapter |
| Language: | Slovak |
| Subjects: | |
| Tags: |
No Tags, Be the first to tag this record!
|
MARC
| LEADER | 00000naa a2200000 4500 | ||
|---|---|---|---|
| 001 | r041841 | ||
| 005 | 20231002114206.3 | ||
| 041 | 0 | |a slo | |
| 044 | |a SK | ||
| 245 | 1 | 0 | |a Rozhoduje detský spotrebiteľ |c Viera Malárová |
| 520 | |a Sladký trh má sezónne výkyvy. Spotreba čokoládových výrobkov na Slovensku. Častým iniciátorom nákupu tohto sortimentu je detský spotrebiteľ. Význam inovácií. Trend výrobkov "light". Predáva aj obal. | ||
| 610 | 2 | 0 | |a potraviny mrazené |
| 610 | 2 | 0 | |a potraviny |
| 610 | 2 | 0 | |a požívatiny |
| 610 | 2 | 0 | |a čokoláda |
| 610 | 2 | 0 | |a Slovensko |
| 100 | 1 | |a Malárová, Viera | |